| 000 | 00589nam a2200229Ia 4500 | ||
|---|---|---|---|
| 003 | OSt | ||
| 005 | 20221007062356.0 | ||
| 006 | a|||||r|||| 00| 0 | ||
| 007 | ta | ||
| 008 | 221006b |||||||| |||| 00| 0 eng d | ||
| 024 | _a17,743 | ||
| 037 | _cTextual | ||
| 040 |
_aFLL _cFLL _beng |
||
| 041 |
_2eng _aeng |
||
| 082 | _aY:45:61:Z2q, L9 | ||
| 100 | _aSethi R.B. Au. | ||
| 245 | 0 | _aPolice acts | |
| 260 |
_aAllahabad _bLaw book company India _c1979 |
||
| 300 |
_a791p _ccm. |
||
| 942 |
_hY:45:61:Z2q, L9 _cTEXL _2CC |
||
| 999 |
_c1128447 _d1128447 |
||